| 000 | 00682nam a2200241Ia 4500 | ||
|---|---|---|---|
| 008 | 160319s9999 xx 000 0 und d | ||
| 020 | _a9789712726392 | ||
| 050 | _aFil 327.59 | ||
| 050 | _bA116p 2011 | ||
| 100 | _aAbad, M.C Jr. | ||
| 245 | 4 | _aThe Philippines in Asean : | |
| 245 | _breflections from the listening room / | ||
| 245 | _cM. C. Abad, Jr. | ||
| 260 | _aManila : | ||
| 260 | _bAnvil Pub. Inc | ||
| 260 | _c2011 | ||
| 300 | _axiv, 165 pages : | ||
| 300 | _billustrations ; | ||
| 300 | _c23 cm. | ||
| 650 | _aASEAN. | ||
| 650 | _aPhilippines -- Foreign relations -- Southeast Asia. | ||
| 650 | _aSoutheast Asia -- Foreign relations -- Philippines. | ||
| 999 |
_c292351 _d292351 |
||